Statistics for Five Colors of Olympics Symbol

Click here to take the quiz!

General Stats

  • This quiz has been taken 106 times
  • The average score is 5 of 5

Answers on the Map

Answers color-coded by a green-red scale on the quiz's map according to % correct below.
 

Answer Stats

Color% Correct
Red
100%
Blue
95%
Green
95%
Yellow
95%
Black
89%

Score Distribution

Percentile by Number Answered

Percent of People with Each Score

Your Score History

You have not taken this quiz